The Lean Six Sigma : Pocket Toolbook

Salvato in:
Dettagli Bibliografici
Autori principali: George, Michael L. (Autore), a kol (Autore)
Natura: Libro
Lingua:inglese
Pubblicazione: New York : McGraw-Hill, 2005
Soggetti:
Tags: Aggiungi Tag
Nessun Tag, puoi essere il primo ad aggiungerne!!

MARC

LEADER 00000nam a22000003a 4500
001 stu196047
005 20150617230028.3
008 091119s2005----xxu-----------------eng-d
020 |a 0-07-144119-0 
040 |a STU  |b slo 
041 0 |a eng 
044 |a xxu 
080 |a 658.56 
100 1 |a George, Michael L.  |4 aut 
245 1 |a The Lean Six Sigma :  |b Pocket Toolbook 
260 |a New York :  |b McGraw-Hill,  |c 2005 
300 |a 282 s 
650 7 |a riadenie kvality  |2 stusub 
650 7 |a operačná analýza  |2 stusub 
650 7 |a výrobný manažment  |2 stusub 
700 1 |a a kol.  |4 aut 
996 |b 284M071658  |c M*12611-1  |l MMKN  |s A  |a 24  |w stu196047_0001